| 000 | 00531nam a22001937a 4500 | ||
|---|---|---|---|
| 003 | PILC | ||
| 005 | 20150302154638.0 | ||
| 008 | 150302b xxu||||| |||| 00| 0 eng d | ||
| 020 | _a9789814371711 | ||
| 050 |
_aRM 301 _b.B838 2014 |
||
| 100 | _aBrenner, George M. | ||
| 245 |
_aPharmacology / _cGeorge M. Brenner and Craig W. Stevens. |
||
| 250 | _a4th ed. | ||
| 260 |
_aSingapore : _bElsevier, _cc2014. |
||
| 300 |
_a520 pages : _billustrations ; _c25 cm. |
||
| 521 | _aPharmacy | ||
| 650 | _aPharmacology. | ||
| 942 |
_2lcc _cBK |
||
| 999 |
_c283685 _d283685 |
||